| 000 -ლიდერი |
| ფიქსირებული სიგრძის საკონტროლო ველი |
01032nam a2200241Ia 4500 |
| 001 - საკონტროლო ნომერი |
| საკონტროლო ველი |
19167 |
| 003 - საკონტროლო ნომრის იდენტიფიკატორი |
| საკონტროლო ველი |
GE_BSU |
| 005 - ბოლო ოპერაციის თარიღი და დრო |
| საკონტროლო ველი |
20210312145607.0 |
| 008 - ფიქსირებული სიგრძის მონაცემთა ელემენტები - ზოგადი ინფორმაცია |
| ფიქსირებული სიგრძის საკონტროლო ველი |
181216s2009||||ge |||||||||||||| ||geo|| |
| 040 ## - კატალოგიზაციის წყარო |
| Transcribing agency |
GE_BSU |
| 041 ## - ენის კოდი |
| Language code of text/sound track or separate title |
geo |
| 080 ## - უნივერსალური ათობითი კლასიფიკაციის ინდექსი |
| Universal Decimal Classification number |
81 С-99 |
| 100 ## - მთავარი ჩანაწერი - პიროვნების სახელი |
| Personal name |
Сурманидзе, Н. |
| 9 (RLIN) |
10447 |
| 245 ## - ცნობა სათაურის შესახებ |
| Title |
Лингвистический статус "Деловых" изречении / |
| Statement of responsibility, etc |
Н. Сурманидзе; Научн. руков. Д. З. Гоциридзе; Батумский гос. ун-т им. Шота Руставели |
| 264 ## - წარმოების, გამოცემის, დისტრიბუციის და სხვა ცნობები |
| გამოცემის, წარმოების, დისტრიბუციის... ადგილი |
Батуми |
| გამოცემის, წარმოების, დისტრიბუციის... სახელწოდება |
Батумский гос. ун-т им. Ш. Руставели |
| გამოცემის, წარმოების, დისტრიბუციის... თარიღი |
2009 |
| 300 ## - ფიზიკური აღწერა |
| Extent |
144 стр. ; |
| Other physical details |
30 см. |
| 653 ## - INDEX TERM--UNCONTROLLED |
| Uncontrolled term |
Лингвистический статус "Деловых" изречении |
| 653 ## - INDEX TERM--UNCONTROLLED |
| Uncontrolled term |
Языкознание |
| 653 ## - INDEX TERM--UNCONTROLLED |
| Uncontrolled term |
დისერტაცია |
| 653 ## - INDEX TERM--UNCONTROLLED |
| Uncontrolled term |
ენათმეცნიერება |
| 700 ## - ADDED ENTRY--PERSONAL NAME |
| Personal name |
Гоциридзе, Д. З. |
| Relator term |
Научн. руководитель |
| 9 (RLIN) |
10425 |
| 942 ## - ADDED ENTRY ELEMENTS (KOHA) |
| Koha item type |
წიგნი |
| Source of classification or shelving scheme |
|